000 01357nam a22002777a 4500
005 20150124124024.0
008 101011t cr||||| |||| 00| 0 spa d
020 _a9968380806 (obra completa)
020 _a9968380008 (V.1)
020 _a9968380024 (V.2)
020 _a9968380040 (V.3)
020 _a9968380067 (V.4)
050 0 4 _aKHA2501.C9
_bC53 2001
245 0 0 _aClásicos de la teoría general del proceso /
_cJames Goldschmidt, Niceto Alcalá-Zamora, Hugo Alsina.
260 _aSan José, Costa Rica :
_bEditorial Jurídica Universitaria,
_c2001
300 _a4 v. ;
_c29 cm.
490 0 _aBiblioteca grandes maestros del derecho
500 _aEn la portada : La revisión, edición y características gráficas actuales de esta obra fueron realizadas por la Asociación de Investigaciones Jurídicas, A.C
504 _aIncluye bibliografías e índice
505 0 _aContenido : V.1 Principios generales del proceso / James Goldschmidt -- V.2 Proceso, autocomposición y autodefensa / Niceto Alcalá Zamora -- V.3 Estudios de teoría e historia del proceso / Niceto Alcalá Zamora -- V.4 Fundamentos de derecho procesal / Hugo Alsina.
650 7 _2Lemb
_aDerecho - Procedimiento
_zArgentina
700 1 _aGoldschmidt, James,
_ecoaut.
700 1 _aAlcalá-Zamora, Niceto,
_ecoaut.
700 1 _aAlsina, Hugo,
_ecoaut.
942 _2lcc
_cLIB
999 _c34516
_d34516